Teoretický rozbor procesov tvárnenia hliníka a jeho zliatin
Na minha lista:
| Autor principal: | |
|---|---|
| Outros Autores: | |
| Formato: | Manuscrito Livro |
| Idioma: | eslovaco |
| Publicado em: |
2025
|
| Assuntos: | |
| Acesso em linha: | http://is.stuba.sk/zp/portal_zp.pl?podrobnosti=186277 |
| Tags: |
Sem tags, seja o primeiro a adicionar uma tag!
|
MARC
| LEADER | 00000ntm a22000003a 4500 | ||
|---|---|---|---|
| 001 | stuzp103611 | ||
| 003 | SK-STU | ||
| 005 | 20250628210704.8 | ||
| 007 | ta | ||
| 008 | 150427s2015----xo-----f-mn---000-0-slo-d | ||
| 040 | |a STU |b slo | ||
| 041 | 0 | |a slo | |
| 100 | 1 | |a Jurica, Ján |u 063000 |4 aut |U MTF Materiálovotechnologická fakulta |T MTF Ústav výrobných technológií |X 116544 |U M3000 |Y 83 |7 116544 | |
| 242 | 0 | 1 | |a Theoretical analysis of the forming processes of aluminium and its alloys |y eng |
| 245 | 1 | 0 | |a Teoretický rozbor procesov tvárnenia hliníka a jeho zliatin |
| 260 | |c 2025 | ||
| 650 | 4 | |a tvárnenie za studena |2 slo | |
| 650 | 4 | |a objemové tvárnenie |2 slo | |
| 650 | 4 | |a mechanické vlastnosti |2 slo | |
| 650 | 4 | |a kovové materiály |2 slo | |
| 650 | 4 | |a optimalizácia |2 slo | |
| 650 | 4 | |a hliník |2 slo | |
| 650 | 4 | |a zliatiny hliníka |2 slo | |
| 650 | 4 | |a tvárnenie za tepla |2 slo | |
| 650 | 4 | |a plošné tvárnenie |2 slo | |
| 650 | 4 | |a výrobný proces |2 slo | |
| 650 | 4 | |a aluminium |2 eng | |
| 650 | 4 | |a aluminium alloys |2 eng | |
| 650 | 4 | |a cold forming |2 eng | |
| 650 | 4 | |a hot forming |2 eng | |
| 650 | 4 | |a production process |2 eng | |
| 650 | 4 | |a optimalization |2 eng | |
| 650 | 4 | |a mechanical properties |2 eng | |
| 650 | 4 | |a metallic materials |2 eng | |
| 650 | 4 | |a bulk forming |2 eng | |
| 650 | 4 | |a sheet forming |2 eng | |
| 700 | 1 | |a Bílik, Jozef |u 063400 |k Z1 |4 ths |U MTF Ústav výrobných technológií |T MTF Katedra tvárnenia kovov a plastov |X 1547 |U M3400 |Y 163 |7 A000001547 | |
| 856 | 4 | |u http://is.stuba.sk/zp/portal_zp.pl?podrobnosti=186277 | |
| 996 | |c M* BP-9944 |l MMSKP |s P |a 0 |w stuzp103611_0001 | ||